| 000 | 004250000a22001690004500 | ||
|---|---|---|---|
| 003 | MACL | ||
| 005 | 20151229150617.0 | ||
| 008 | 151229b xxu||||| |||| 00| 0 eng d | ||
| 040 |
_aMACL _cMACL |
||
| 041 | _aEnglish | ||
| 082 | _a100/GIB | ||
| 100 |
_aGibson, W R Boyce _924009 |
||
| 245 | _aPhilosophy of Life | ||
| 260 |
_bAdam and Charles Black _c1907 _aLondon |
||
| 650 |
_aPhilosophy _924011 |
||
| 942 |
_cBK _k100/GIB _2ddc |
||
| 999 |
_c37041 _d37041 |
||